| 000 | 01233cam a2200385 a 4500 | ||
|---|---|---|---|
| 999 |
_c686 _d686 |
||
| 001 | 4212019 | ||
| 003 | CaAEU | ||
| 005 | 20210616102701.0 | ||
| 007 | co ugu | ||
| 008 | 020903s2007 onca b 001 0 eng | ||
| 016 | _a20059075155 | ||
| 020 | _a0176407103 | ||
| 035 | _aocn251210464 | ||
| 040 |
_aCaOONL _beng _cCaOONL _dCaOONL _dAGPC |
||
| 050 |
_aHF5718.3 _b.G82 2007 |
||
| 055 | 0 | 1 | _aHF5718.3 |
| 055 | 0 |
_aHF5718.3 _bG82 2003 |
|
| 082 | 0 |
_a651.7 _221 |
|
| 090 |
_aHF 5718.3 G844 2007 _bAGPC |
||
| 100 | 1 | _aGuffey, Mary Ellen. | |
| 245 | 1 | 0 |
_aBusiness communication : _bprocess & product / _cMary Ellen Guffey, Kathleen Rhodes, Patricia Rogin. |
| 246 | 3 |
_aBusiness communication : _bprocess and product |
|
| 250 | _a2nd Brief Canadian ed. | ||
| 260 |
_aScarborough, Ont. : _bNelson, _cc2007. |
||
| 300 |
_axvi, 425, [53] p. : _bcol. ill. ; _c26 cm. |
||
| 336 |
_atext _btxt _2rdacontent |
||
| 337 |
_acomputer _bc _2rdamedia |
||
| 338 |
_avolume _bnc _2rdacarrier |
||
| 504 | _aIncludes bibliographical references and index. | ||
| 650 | 0 |
_aBusiness communication _vTextbooks. |
|
| 650 | 0 |
_aBusiness writing _vTextbooks. |
|
| 700 | 1 |
_aRogin, Patricia, _d1958- |
|
| 700 | 1 |
_aRhodes, Kathleen, _d1951- |
|
| 942 |
_2lcc _cBK _nSO |
||